MARC details
| 000 -LEADER |
| campo de control de longitud fija |
01630nam a2200409 i 4500 |
| 001 - NÚMERO DE CONTROL |
| campo de control |
193245 |
| 003 - IDENTIFICADOR DE NÚMERO DE CONTROL |
| campo de control |
SpMaBN |
| 005 - FECHA Y HORA DE LA ÚLTIMA TRANSACCIÓN |
| campo de control |
20260313124503.0 |
| 007 - CAMPO FIJO DE DESCRIPCIÓN FÍSICA--INFORMACIÓN GENERAL |
| campo de control de longitud fija |
ta |
| 008 - DATOS DE LONGITUD FIJA--INFORMACIÓN GENERAL |
| campo de control de longitud fija |
200819s2018 sp a | |||| 000 0dspa |
| 017 ## - NÚMERO DE COPYRIGHT O DE DEPÓSITO LEGAL |
| Número de copyright o de depósito legal |
M 15914-2018 |
| Agencia que asigna |
Oficina Depósito Legal Madrid |
| 020 ## - NÚMERO INTERNACIONAL ESTÁNDAR DEL LIBRO |
| Número Internacional Estándar del Libro |
9788409021291 |
| 035 ## - NÚMERO DE CONTROL DEL SISTEMA |
| Número de control de sistema |
(OCoLC)1192382551 |
| 035 ## - NÚMERO DE CONTROL DEL SISTEMA |
| Número de control de sistema |
a6699987 |
| 040 ## - FUENTE DE CATALOGACIÓN |
| Centro catalogador/agencia de origen |
SpMaBN |
| Lengua de catalogación |
spa |
| Centro/agencia transcriptor |
SpMaBN |
| Normas de descripción |
rda |
| 080 ## - NÚMERO DE LA CLASIFICACIÓN DECIMAL UNIVERSAL |
| Número de la Clasificación Decimal Universal |
929 Ruiz de la Prada, Ágatha |
| 080 ## - NÚMERO DE LA CLASIFICACIÓN DECIMAL UNIVERSAL |
| Número de la Clasificación Decimal Universal |
391(460)"20" |
| 100 1# - ENTRADA PRINCIPAL--NOMBRE DE PERSONA |
| Nombre de persona |
Ruiz de la Prada, Ágatha, |
| Fechas asociadas al nombre |
1960- |
| Término indicativo de función/relación |
Diseñador |
| 9 (RLIN) |
234284 |
| 245 10 - MENCIÓN DEL TÍTULO |
| Título |
2017 / |
| Mención de responsabilidad, etc. |
[autores de los textos, Cósima Ramírez Ruiz de la Prada, Fundación Ágatha Ruiz de la Prada] |
| 264 #1 - PRODUCCIÓN, PUBLICACIÓN, DISTRIBUCIÓN, FABRICACIÓN Y COPYRIGHT |
| Producción, publicación, distribución, fabricación y copyright |
[Madrid] : |
| Nombre del de productor, editor, distribuidor, fabricante |
Fundación Ágatha Ruiz de la Prada, |
| Fecha de producción, publicación, distribución, fabricación o copyright |
[2018] |
| 300 ## - DESCRIPCIÓN FÍSICA |
| Extensión |
303 páginas ; |
| Otras características físicas |
principalmente ilustraciones (color) ; |
| Dimensiones |
22 cm |
| 336 ## - TIPO DE CONTENIDO |
| Término de tipo de contenido |
Imagen fija |
| -- |
Texto |
| Fuente |
rdacontent |
| 337 ## - TIPO DE MEDIO |
| Nombre/término del tipo de medio |
sin mediación |
| Fuente |
rdamedia |
| 338 ## - TIPO DE SOPORTE |
| Nombre/término del tipo de soporte |
volumen |
| Fuente |
rdacarrier |
| 530 ## - NOTA DISPONIBLE DE FORMULARIO FÍSICO ADICIONAL |
| Materiales especificados |
Disponible en formato digital |
| 600 14 - PUNTO DE ACCESO ADICIONAL DE MATERIA--NOMBRE DE PERSONA |
| Nombre de persona |
Ruiz de la Prada, Ágatha, |
| Fechas asociadas al nombre |
1960- |
| 9 (RLIN) |
234284 |
| 650 #7 - PUNTO DE ACCESO ADICIONAL DE MATERIA--TÉRMINO DE MATERIA |
| 9 (RLIN) |
171393 |
| Término de materia o nombre geográfico como elemento de entrada |
Moda- |
| Subdivisión geográfica |
España |
| 655 #7 - TERMINO DE INDIZACIÓN--GENERO/FORMA |
| Datos o término principal de género/forma |
Libros ilustrados |
| Fuente del término |
tgfbne |
| 9 (RLIN) |
193653 |
| 700 1# - ENTRADA AGREGADA--NOMBRE PERSONAL |
| Nombre de persona |
Ramírez Ruiz de la Prada, Cósima, |
| Fechas asociadas al nombre |
1990- |
| 9 (RLIN) |
234371 |
| Término indicativo de función/relación |
Autor |
| 710 2# - ENTRADA AGREGADA--NOMBRE DE ENTIDAD CORPORATIVA |
| Nombre de entidad corporativa o nombre de jurisdicción como elemento de entrada |
Fundación Ágatha Ruiz de la Prada |
| Término indicativo de función/relación |
entidad responsable |
| 9 (RLIN) |
234370 |
| 852 ## - LOCALIZACIÓN |
| Ubicación |
ES-MaACL |
| Sublocalización o colección |
154642 |
| Ubicación en estantería |
Depósito J |
| Anotaciones manuscritas |
Dedicatoria de la donante |
| Donativo/Legado |
Donación: Ágatha Ruiz de la Prada |
| Número de control de estantería |
N-9413 |
| itemnumber |
200668 |
| 856 4# - LOCALIZACIÓN Y ACCESO ELECTRÓNICOS |
| Identificador Uniforme de Recursos |
<a href="https://about.agatharuizdelaprada.com/libros/">https://about.agatharuizdelaprada.com/libros/</a> |
| Texto de enlace |
Versión en línea |
| Nota pública |
(Ágatha Ruiz de la Prada) |
| 942 ## - ELEMENTOS DE ENTRADA SECUNDARIOS (KOHA) |
| Suprimir en OPAC |
No |
| Tipo de ítem Koha |
Libro impreso |